000
00334nam a2200121Ia 4500
008
190415s9999 xx 000 0 und d
082
_a
RI.002;
100
_a
India. National Commission on
245
0
_a
Higher education in India : A survey / Moonis Raza, Y.P. Aggarwal and Mabud Hasa
260
_c
0
300
_a
154p.
942
_c
BK
999
_c
14792
_d
14792